000 01223cam a22003257a 4500
005 20220329141145.0
008 971010s1985 r 00010 d
010 _a63557
011 _a64529
035 _a70051
082 _a630.0946
_bG3
100 0 0 _aGarcía Sánz, Angel.
_946655
245 0 _aHistoria agraria de la España contemporánea
260 _aBarcelona :
_bCrítica,
_c1985
300 _a3 v
490 0 _aHistoria
_v; 32; 33
500 _aLa biblioteca tiene: v.1 Cambio social y nuevas formas de propiedad, 1800-1850, v.2 Expansión y crisis, 1850-1900
590 _aBATCH-UPD
_b10
_c20130110
_lUCH01
_h0409
590 _aBATCH-UPD
_b10
_c20130110
_lUCH01
_h2324
590 _aBATCH-UPD
_b10
_c20130410
_lUCH01
_h0043
590 _aBATCH-UPD
_b10
_c20130914
_lUCH01
_h0055
590 _aCONVERSION
_b10
_c20130109
_lUCH01
_h1334
650 1 4 _aAgricultura
_xHistoria
_xEspaña.
_91514
700 0 _aGarrabou, Ramón.
_946931
830 0 _aHistoria
_v; 32; 33
_955599
901 _aBK
949 _a630.0946 G3
_bSR
_cLIBRO
_d-2292
_eLIBRO
_fv.1
_h10992
_i70051
_si
949 _a630.0946 G3
_bSR
_cLIBRO
_d-51661
_eLIBRO
_fv.1 c.2
_h10993
_i70051
_si
949 _a630.0946 G3
_bSR
_cLIBRO
_d-51662
_eLIBRO
_fv.2
_h10994
_i70051
_si
999 _c63557
_d63557